header

The devil notebooks (Record no. 5576)

MARC details
000 -LEADER
fixed length control field 01330nam a2200349Ia 4500
001 - CONTROL NUMBER
control field ebr10277731
003 - CONTROL NUMBER IDENTIFIER
control field CaPaEBR
006 - FIXED-LENGTH DATA ELEMENTS--ADDITIONAL MATERIAL CHARACTERISTICS--GENERAL INFORMATION
fixed length control field m u
007 - PHYSICAL DESCRIPTION FIXED FIELD--GENERAL INFORMATION
fixed length control field cr cn|||||||||
008 - FIXED-LENGTH DATA ELEMENTS--GENERAL INFORMATION
fixed length control field 080220s2008 mnua sbq s000 0 eng d
010 ## - LIBRARY OF CONGRESS CONTROL NUMBER
Canceled/invalid LC control number 2008006868
020 ## - INTERNATIONAL STANDARD BOOK NUMBER
Cancelled/invalid ISBN 0816650519 (hc : alk. paper)
Cancelled/invalid ISBN 0816650527 (pb : alk. paper)
Cancelled/invalid ISBN 9780816650514 (hc : alk. paper)
Cancelled/invalid ISBN 9780816650521 (pb : alk. paper)
040 ## - CATALOGING SOURCE
Original cataloging agency CaPaEBR
Transcribing agency CaPaEBR
035 ## - SYSTEM CONTROL NUMBER
System control number (OCoLC)318220196
050 14 - LIBRARY OF CONGRESS CALL NUMBER
Classification number BF1548
Item number .R53 2008eb
100 1# - MAIN ENTRY--PERSONAL NAME
Personal name Rickels, Laurence A.
245 14 - TITLE STATEMENT
Title The devil notebooks
Medium [electronic resource] /
Statement of responsibility, etc Laurence A. Rickels.
260 ## - PUBLICATION, DISTRIBUTION, ETC. (IMPRINT)
Place of publication, distribution, etc Minneapolis :
Name of publisher, distributor, etc University of Minnesota Press,
Date of publication, distribution, etc c2008.
300 ## - PHYSICAL DESCRIPTION
Extent xiii, 380 p. :
Other physical details ill.
504 ## - BIBLIOGRAPHY, ETC. NOTE
Bibliography, etc Includes bibliographical references (p. 369-376).
Bibliography, etc Includes filmography: p. 377-380.
533 ## - REPRODUCTION NOTE
Type of reproduction Electronic reproduction.
Place of reproduction Palo Alto, Calif. :
Agency responsible for reproduction ebrary,
Date of reproduction 2009.
Note about reproduction Available via World Wide Web.
-- Access may be limited to ebrary affiliated libraries.
650 #0 - SUBJECT ADDED ENTRY--TOPICAL TERM
Topical term or geographic name as entry element Devil
General subdivision Psychology.
Topical term or geographic name as entry element Devil.
Topical term or geographic name as entry element Psychoanalysis.
655 #7 - INDEX TERM--GENRE/FORM
Genre/form data or focus term Electronic books.
Source of term local
710 2# - ADDED ENTRY--CORPORATE NAME
Corporate name or jurisdiction name as entry element ebrary, Inc.
856 40 - ELECTRONIC LOCATION AND ACCESS
Uniform Resource Identifier <a href="http://site.ebrary.com/lib/rucke/Doc?id=10277731">http://site.ebrary.com/lib/rucke/Doc?id=10277731</a>
Public note An electronic book accessible through the World Wide Web; click to view

No items available.

© 2026 Rongo University
Contact us: librarian | system librarian | Rongo university